| 000 -LEADER | |
|---|---|
| fixed length control field | 00383nam a22001577a 4500 |
| 005 - DATE AND TIME OF LATEST TRANSACTION | |
| control field | 20160905114143.0 |
| 008 - FIXED-LENGTH DATA ELEMENTS--GENERAL INFORMATION | |
| fixed length control field | 160905b xxu||||| |||| 00| 0 eng d |
| 020 ## - INTERNATIONAL STANDARD BOOK NUMBER | |
| ISBN | 978-0-07-049-543-2 |
| 041 ## - LANGUAGE CODE | |
| Language code of text/sound track or separate title | eng |
| 100 ## - MAIN ENTRY--AUTHOR NAME | |
| Personal name | SCHILCHT,HERBERT |
| 245 ## - TITLE STATEMENT | |
| Title | COMPLETE REFERENCE JAVA 2 |
| 260 ## - PUBLICATION, DISTRIBUTION, ETC. (IMPRINT) | |
| Name of publisher | MCGRAW HILL |
| 300 ## - PHYSICAL DESCRIPTION | |
| Number of Pages | 1140 |
| 650 ## - SUBJECT ADDED ENTRY--TOPICAL TERM | |
| Topical Term | INFORMATION TECHNOLOGY |
| 942 ## - ADDED ENTRY ELEMENTS (KOHA) | |
| Koha item type | Books |
| Lost status | Damaged status | Collection code | Home library | Current library | Shelving location | Date acquired | Source of acquisition | Cost, normal purchase price | Full call number | Accession Number | Copy number | Koha item type |
|---|---|---|---|---|---|---|---|---|---|---|---|---|
| CS/IT | JRU Library | JRU Library | SHELF-54-A | 05/09/2016 | PURCHASE | 665.00 | 005.133 | 21014 | 3 | Books | ||
| CS/IT | JRU Library | JRU Library | SHELF-54-A | 05/09/2016 | PURCHASE | 665.00 | 005.133 | 21015 | 3 | Books | ||
| CS/IT | JRU Library | JRU Library | SHELF-54-A | 05/09/2016 | PURCHASE | 665.00 | 005.133 | 21016 | 3 | Books |